[Event "EU-ch U20"]
[Site "Aviles"]
[Date "2000.08.26"]
[Round "10"]
[White "Reinaldo Castineira, Roi"]
[Black "Rigo, Zsolt"]
[Result "1-0"]
[WhiteElo "2416"]
[BlackElo "2224"]
[EventDate "2000.08.18"]
[PlyCount "139"]

1.e4 c5 2.Nf3 d6 3.d4 cxd4 4.Nxd4 Nf6 5.Nc3 a6 6.Be3 e5 7.Nb3 Be6 8.Qd2 
Be7 9.f3 h5 10.Be2 Nbd7 11.O-O Rc8 12.a4 O-O 13.Kh1 Qc7 14.f4 exf4 15.Bxf4
Ne5 16.Nd4 Nc4 17.Bxc4 Qxc4 18.Rae1 Ng4 19.h3 Ne5 20.Nf5 Bxf5 21.exf5 Bh4 
22.Rd1 Rfd8 23.Bh2 Qc6 24.f6 Bxf6 25.Rxf6 gxf6 26.Nd5 Qxc2 27.Nxf6+ Kg7 
28.Nxh5+ Kg6 29.Nf4+ Kh7 30.Qe1 Ng6 31.Nd5 Qxb2 32.Qf1 Qg7 33.Qf5 Rc5 34.
Bg1 Rxd5 35.Rxd5 Kg8 36.Bd4 Qh6 37.Qf6 Qc1+ 38.Bg1 Re8 39.Rf5 Re7 40.Rf1 
Qh6 41.Bd4 Qf8 42.Qxd6 Re6 43.Qd5 Qd6 44.Qxb7 Qe7 45.Qc8+ Qe8 46.Qxe8+ 
Rxe8 47.a5 Re4 48.Bb6 Nf4 49.Rd1 Ra4 50.Rd4 Rxd4 51.Bxd4 f5 52.Be5 Ng6 53.
Bc3 Kf7 54.g3 Nf8 55.Kg2 Ne6 56.h4 Kg6 57.Kf3 Kh5 58.Be5 Kg6 59.Ke3 Nc5 
60.Bd6 Na4 61.Bc7 Nc5 62.Bb6 Ne6 63.Kd3 Kh5 64.Kc4 f4 65.Kd5 Ng7 66.gxf4 
Kxh4 67.Kc6 Kg4 68.Bc7 Ne6 69.Kb6 Kf5 70.Be5 1-0

[Event "EU-ch U20"]
[Site "Aviles"]
[Date "2000.08.26"]
[Round "10"]
[White "Ortega Ruiz, Jose Miguel"]
[Black "Dovliatov, Sanan"]
[Result "0-1"]
[WhiteElo "2255"]
[BlackElo "2360"]
[EventDate "2000.08.18"]
[PlyCount "72"]

1.d4 f5 2.e4 fxe4 3.Nc3 Nf6 4.Bg5 Nc6 5.f3 d5 6.fxe4 dxe4 7.d5 Ne5 8.Qd4 
Nf7 9.Bxf6 exf6 10.Nxe4 Be7 11.O-O-O O-O 12.Nf3 f5 13.Nc5 Bf6 14.Qa4 Qd6 
15.Qc4 Qb6 16.Nd4 Nd6 17.Qc3 Ne4 18.Nxe4 fxe4 19.h3 Bf5 20.Qe3 Bg6 21.Bc4 
Rfe8 22.Rhe1 Rad8 23.c3 Bxd4 24.Rxd4 Kh8 25.Bb3 Re5 26.Bc2 Qd6 27.Red1 h6 
28.Ra4 a6 29.c4 Qf6 30.Ra3 b5 31.cxb5 axb5 32.Bb3 c5 33.Qxc5 e3 34.Bc2 e2 
35.Re1 Qf4+ 36.Kb1 Qd2 0-1

[Event "EU-ch U20"]
[Site "Aviles"]
[Date "2000.08.26"]
[Round "10"]
[White "Castaldo, Folco"]
[Black "Navarro Cia, Miguel"]
[Result "0-1"]
[WhiteElo "2227"]
[BlackElo "2307"]
[EventDate "2000.08.18"]
[PlyCount "86"]

1.e4 Nf6 2.Nc3 d5 3.e5 Ne4 4.Nce2 f6 5.Ng3 c5 6.Bd3 f5 7.Bb5+ Bd7 8.Bxd7+ 
Qxd7 9.d3 Nxg3 10.hxg3 Nc6 11.Nf3 e6 12.Qe2 O-O-O 13.Bd2 Nd4 14.Nxd4 cxd4 
15.c3 Qb5 16.O-O Kb8 17.a4 Qb3 18.cxd4 Be7 19.Bc3 h5 20.Qd1 Qb6 21.a5 Qc7 
22.Qb3 h4 23.Bd2 Rh7 24.Rfc1 Qd7 25.Qa4 Qxa4 26.Rxa4 Rdh8 27.Raa1 g5 28.
Kf1 f4 29.g4 h3 30.gxh3 f3 31.Bc3 Rxh3 32.Ke1 Rh2 33.Kd2 Rxf2+ 34.Ke3 Rfh2
35.Rf1 R8h4 36.Rxf3 Rxg4 37.Raf1 Rgg2 38.Rf7 Bd8 39.Rd7 Kc8 40.Rdf7 g4 41.
R7f2 Bg5+ 42.Ke2 Rxf2+ 43.Rxf2 g3 0-1

[Event "EU-ch U20"]
[Site "Aviles"]
[Date "2000.08.26"]
[Round "10"]
[White "Srebrnic, Marko"]
[Black "Perez Candelario, Manuel"]
[Result "0-1"]
[WhiteElo "2096"]
[BlackElo "2300"]
[EventDate "2000.08.18"]
[PlyCount "124"]

1.e4 c5 2.Nf3 e6 3.d4 cxd4 4.Nxd4 Nf6 5.Nc3 d6 6.Bc4 Be7 7.O-O O-O 8.Bb3 
Na6 9.f4 Nc5 10.Qf3 e5 11.Nf5 Bxf5 12.exf5 e4 13.Qd1 Nxb3 14.axb3 a6 15.
Nd5 Rc8 16.Re1 Re8 17.c3 Rc5 18.Nxf6+ Bxf6 19.Ra4 d5 20.Be3 Rc6 21.Bd4 Be7
22.Qg4 f6 23.Re3 Bc5 24.Qd1 b5 25.Ra1 Qb6 26.Kf2 Bxd4 27.Qxd4 Qxd4 28.cxd4
Rec8 29.Re2 Kf7 30.g4 R8c7 31.h4 Ke8 32.Ke3 Kd8 33.g5 Kc8 34.Rg2 Kb7 35.
Rag1 Kb6 36.h5 Rd7 37.gxf6 gxf6 38.Rg7 Rxg7 39.Rxg7 Rc2 40.Rxh7 Rxb2 41.
Rf7 Rxb3+ 42.Ke2 Rh3 43.Rxf6+ Kc7 44.Rxa6 Rxh5 45.f6 Rf5 46.f7 Kd7 47.Rb6 
Rxf4 48.Rxb5 Kc6 49.Rb8 Rxf7 50.Rc8+ Kd7 51.Rb8 Rf3 52.Rb4 Rd3 53.Kf2 Ke6 
54.Ke2 Kf5 55.Ra4 Kf4 56.Rb4 Re3+ 57.Kf2 Ra3 58.Rb5 e3+ 59.Ke2 Ke4 60.Rb4 
Ra2+ 61.Kd1 Rd2+ 62.Ke1 Rxd4 0-1

[Event "EU-ch U20"]
[Site "Aviles"]
[Date "2000.08.26"]
[Round "10"]
[White "Gonzalez Menendez, Ivan"]
[Black "Suarez Real, Alberto"]
[Result "1/2-1/2"]
[WhiteElo "2242"]
[BlackElo "2116"]
[EventDate "2000.08.18"]
[PlyCount "105"]

1.e4 c5 2.Nf3 g6 3.Nc3 Bg7 4.d4 cxd4 5.Nxd4 Nc6 6.Be3 Nf6 7.f4 O-O 8.Be2 
e5 9.Nxc6 dxc6 10.Qxd8 Rxd8 11.fxe5 Ng4 12.Bg5 Re8 13.Bxg4 Bxg4 14.h3 Rxe5
15.Bf4 Ree8 16.O-O Be6 17.a3 b5 18.Rfe1 a5 19.e5 Bf5 20.Ne4 Bxe4 21.Rxe4 
Re6 22.Rae1 Rae8 23.R4e3 h6 24.Kf2 g5 25.Bh2 f5 26.exf6 Rxf6+ 27.Kg1 Rxe3 
28.Rxe3 Rf5 29.c3 b4 30.axb4 axb4 31.Bg3 Kf7 32.Bd6 b3 33.Ba3 c5 34.g4 Rd5
35.Rf3+ Ke6 36.c4 Rd1+ 37.Kg2 Rd2+ 38.Kf1 Bxb2 39.Rxb3 Bxa3 40.Rxa3 Ke5 
41.Ra6 Kd4 42.Ke1 Rd3 43.Rxh6 Kxc4 44.h4 gxh4 45.Rxh4 Kb3 46.Rh8 c4 47.g5 
c3 48.Rb8+ Ka2 49.Ra8+ Kb2 50.Rb8+ Kc1 51.g6 Rg3 52.Rg8 c2 53.g7 1/2-1/2

[Event "EU-ch U20"]
[Site "Aviles"]
[Date "2000.08.26"]
[Round "10"]
[White "Parkin, James"]
[Black "Tomic, Bosko"]
[Result "1/2-1/2"]
[WhiteElo "2140"]
[BlackElo "2151"]
[EventDate "2000.08.18"]
[PlyCount "98"]

1.e4 c5 2.Nc3 e6 3.Bc4 Nc6 4.f4 Na5 5.d3 b6 6.Nf3 Bb7 7.O-O Nxc4 8.dxc4 
Nf6 9.Qe1 Be7 10.e5 Ng4 11.Qg3 f5 12.h3 Bxf3 13.Qxf3 Nh6 14.Rd1 Qc8 15.a4 
a5 16.Nb5 O-O 17.Ra3 Qc6 18.Rad3 Rad8 19.Qxc6 dxc6 20.Rxd8 Rxd8 21.Rxd8+ 
Bxd8 22.Na7 Nf7 23.Nxc6 Kf8 24.g4 g6 25.Kg2 Ke8 26.Kg3 Kd7 27.Na7 Be7 28.
Nb5 Nd8 29.c3 Nc6 30.Na3 Ke8 31.Nc2 Kf7 32.Ne1 Kg7 33.Nd3 Kf7 34.Be3 Ke8 
35.h4 Kd7 36.h5 Ke8 37.hxg6 hxg6 38.Ne1 Kf7 39.Nf3 Ke8 40.Kh3 Bf8 41.Ng5 
Bh6 42.Nxe6 fxg4+ 43.Kxg4 Nxe5+ 44.fxe5 Bxe3 45.Nc7+ Kd7 46.Nd5 Bc1 47.Nf4
Bxf4 48.Kxf4 Ke6 49.Ke4 g5 1/2-1/2

[Event "EU-ch U20"]
[Site "Aviles"]
[Date "2000.08.26"]
[Round "10"]
[White "Sanchez Aller, Fernando"]
[Black "Moreno Tejera, Emilio"]
[Result "1-0"]
[WhiteElo "2137"]
[BlackElo "2139"]
[EventDate "2000.08.18"]
[PlyCount "103"]

1.e4 c5 2.Nf3 d6 3.d4 cxd4 4.Nxd4 Nf6 5.Nc3 a6 6.Be3 b5 7.a4 b4 8.Nd5 e6 
9.Nxf6+ Qxf6 10.Qd2 Nd7 11.Bc4 Ne5 12.Bb3 Qh4 13.Bf4 Bb7 14.O-O-O Qd8 15.
Qxb4 Qc7 16.a5 O-O-O 17.Rhe1 d5 18.Qd2 Nd3+ 19.Qxd3 Qxf4+ 20.Kb1 Bb4 21.c3
Bxa5 22.exd5 exd5 23.Nc6 Bxc6 24.Qxa6+ Bb7 25.Qxa5 Rd7 26.f3 Rhd8 27.Qc5+ 
Kb8 28.Qd4 Qh6 29.Qe5+ Ka8 30.Rd4 Bc6 31.Ba4 Qg6+ 32.Kc1 Ra7 33.Bxc6+ Qxc6
34.Kc2 Qg6+ 35.Kd2 Qxg2+ 36.Re2 Qxf3 37.Rf4 Qh1 38.Qxg7 Ra1 39.Qe5 Qd1+ 
40.Ke3 Qc1+ 41.Kf3 Qh1+ 42.Kg3 Qg1+ 43.Kh3 Ra6 44.Rf6 Ra7 45.Ref2 Qg7 46.
Qd4 Rdd7 47.Re2 Qf8 48.Re5 Qc8 49.Kg2 Ra2 50.Rb6 Qc4 51.Re8+ Ka7 52.Rd6+ 
1-0

[Event "EU-ch U20"]
[Site "Aviles"]
[Date "2000.08.26"]
[Round "10"]
[White "Kobler, Mario"]
[Black "Gomez Gomez, Salvador"]
[Result "0-1"]
[WhiteElo "2166"]
[BlackElo "2095"]
[EventDate "2000.08.18"]
[PlyCount "46"]

1.c4 e5 2.Nc3 Nf6 3.d3 d5 4.cxd5 Nxd5 5.Nf3 Nc6 6.e4 Nb6 7.Be3 f5 8.d4 
fxe4 9.Nxe4 Bb4+ 10.Ned2 exd4 11.Nxd4 Nxd4 12.Qh5+ Kf8 13.O-O-O Qf6 14.Nc4
Nc6 15.Bg5 Qg6 16.Qh4 h6 17.Nxb6 axb6 18.Rd5 Bf5 19.Qf4 Ra5 20.Bb5 Rxb5 
21.Rxb5 Bc5 22.Bh4 Nd4 23.Rd1 Ne2+ 0-1

[Event "EU-ch U20"]
[Site "Aviles"]
[Date "2000.08.26"]
[Round "10"]
[White "Bruned Carasco, Yvain"]
[Black "Weber, Tom"]
[Result "1-0"]
[WhiteElo "2012"]
[BlackElo "2067"]
[EventDate "2000.08.18"]
[PlyCount "113"]

1.e4 c5 2.Nf3 d6 3.d4 cxd4 4.Nxd4 Nf6 5.Nc3 g6 6.Be3 Bg7 7.f3 O-O 8.Qd2 
Nc6 9.O-O-O Nxd4 10.Bxd4 Be6 11.g4 Qa5 12.a3 Rfc8 13.h4 Rab8 14.h5 b5 15.
h6 Bh8 16.Nd5 Qxd2+ 17.Rxd2 Bxd5 18.exd5 Rc7 19.b3 a6 20.Be2 Rbc8 21.Kb1 
Nd7 22.Bxh8 Kxh8 23.Re1 Kg8 24.f4 f6 25.Bf1 Kf8 26.Kb2 Nb6 27.Bg2 Rc3 28.
Rde2 Rg3 29.Bh1 Rc7 30.Rg2 Rh3 31.g5 Nxd5 32.Rd2 Nxf4 33.gxf6 exf6 34.Rxd6
Kf7 35.Rf1 g5 36.Rxa6 Rxh6 37.Rc6 Re7 38.Rb6 Re5 39.Bc6 Rh2 40.Bxb5 h5 41.
a4 Rc5 42.Bc4+ Kg6 43.Ra1 g4 44.a5 Rd2 45.a6 Rc8 46.a7 Ra8 47.Rb8 Rd8 48.
Rxd8 Rxd8 49.a8=Q Rxa8 50.Rxa8 Kf5 51.b4 g3 52.Bf1 g2 53.Bxg2 Nxg2 54.b5 
Ne3 55.Kb3 Nd5 56.c4 Nb6 57.Rh8 1-0

[Event "EU-ch U20"]
[Site "Aviles"]
[Date "2000.08.27"]
[Round "11"]
[White "Moiseenko, Olexandr"]
[Black "Sedlak, Nikola"]
[Result "1/2-1/2"]
[WhiteElo "2582"]
[BlackElo "2423"]
[EventDate "2000.08.18"]
[PlyCount "59"]

1.d4 d5 2.c4 c6 3.Nf3 Nf6 4.Nc3 e6 5.Bg5 h6 6.Bxf6 Qxf6 7.e3 Nd7 8.Bd3 
dxc4 9.Bxc4 g6 10.O-O Bg7 11.Rc1 O-O 12.Ne4 Qe7 13.Bb3 b6 14.Ba4 Ba6 15.
Bxc6 Bxf1 16.Bxa8 Bxg2 17.Kxg2 Rxa8 18.Qa4 Nf6 19.Nxf6+ Bxf6 20.Qc6 Rd8 
21.Rc4 Kg7 22.h3 Rd7 23.a3 Rd6 24.Qe4 Rd5 25.Qc2 Rd7 26.Qc3 Qd6 27.e4 Qb8 
28.e5 Bd8 29.a4 Qb7 30.Kg3 1/2-1/2

[Event "EU-ch U20"]
[Site "Aviles"]
[Date "2000.08.27"]
[Round "11"]
[White "Pert, Nicholas"]
[Black "Smirnov, Pavel"]
[Result "1/2-1/2"]
[WhiteElo "2455"]
[BlackElo "2487"]
[EventDate "2000.08.18"]
[PlyCount "35"]

1.d4 Nf6 2.Nf3 g6 3.c4 Bg7 4.Nc3 O-O 5.Bg5 c5 6.d5 d6 7.e3 h6 8.Bh4 g5 9.
Bg3 Nh5 10.Bd3 f5 11.Nxg5 Nxg3 12.hxg3 hxg5 13.Qh5 Rf6 14.Qh7+ Kf7 15.Qh5+
Kg8 16.Qh7+ Kf7 17.Qh5+ Kg8 18.Qh7+ 1/2-1/2

[Event "EU-ch U20"]
[Site "Aviles"]
[Date "2000.08.27"]
[Round "11"]
[White "Guseinov, Gadir"]
[Black "Dottling, Fabian"]
[Result "0-1"]
[WhiteElo "2421"]
[BlackElo "2473"]
[EventDate "2000.08.18"]
[PlyCount "80"]

1.e4 c6 2.d4 d5 3.Nd2 dxe4 4.Nxe4 Bf5 5.Ng3 Bg6 6.h4 h6 7.Nf3 Nd7 8.h5 Bh7
9.Bd3 Bxd3 10.Qxd3 Ngf6 11.Bd2 e6 12.O-O-O Be7 13.Ne4 Nxe4 14.Qxe4 Nf6 15.
Qe2 Qd5 16.Kb1 Nxh5 17.Ne5 Nf6 18.f3 b5 19.g4 Nd7 20.g5 Nxe5 21.dxe5 Qc4 
22.Qf2 Rd8 23.gxh6 gxh6 24.Ba5 Rxd1+ 25.Rxd1 c5 26.Qg2 Qf4 27.Qg7 Rf8 28.
Qg2 h5 29.Qe2 a6 30.Bd2 Qc4 31.Qe3 Rg8 32.f4 Qd5 33.Qe1 Rg2 34.b3 h4 35.
Bc1 Qf3 36.Rd3 Qe2 37.Qc3 Rg1 38.Kb2 Qf1 39.Qd2 h3 40.f5 h2 0-1

[Event "EU-ch U20"]
[Site "Aviles"]
[Date "2000.08.27"]
[Round "11"]
[White "Horvath, Adam"]
[Black "Antoniewski, Rafal"]
[Result "1/2-1/2"]
[WhiteElo "2425"]
[BlackElo "2446"]
[EventDate "2000.08.18"]
[PlyCount "97"]

1.e4 c5 2.Nf3 d6 3.d4 cxd4 4.Nxd4 Nf6 5.Nc3 Bd7 6.Bg5 e6 7.Qd2 a6 8.f4 h6 
9.Bxf6 Qxf6 10.O-O-O Qd8 11.g3 Nc6 12.Bg2 Be7 13.h4 Qc7 14.Kb1 Rc8 15.Rhe1
O-O 16.Nb3 b5 17.e5 b4 18.exd6 bxc3 19.bxc3 Bxd6 20.Qxd6 Nb8 21.Qxc7 Rxc7 
22.Re3 Bb5 23.Bf1 Bxf1 24.Rxf1 Rfc8 25.Rd1 Kf8 26.Rd6 Ke7 27.Rb6 Nd7 28.
Rxa6 Nf6 29.Ra5 Kf8 30.Kb2 Nd5 31.Rd3 Nxc3 32.a3 Nd5 33.Na1 Nb6 34.Rb5 
Na4+ 35.Kc1 Nc5 36.Rc3 Ke7 37.Kb1 Ne4 38.Rxc7+ Rxc7 39.Kb2 Nxg3 40.a4 Ne2 
41.Rb4 Kf6 42.a5 e5 43.fxe5+ Kxe5 44.Nb3 Ra7 45.Rb5+ Kf4 46.c4 g5 47.hxg5 
hxg5 48.Kc2 g4 49.Kd3 1/2-1/2

[Event "EU-ch U20"]
[Site "Aviles"]
[Date "2000.08.27"]
[Round "11"]
[White "Fernandez Romero, Ernesto"]
[Black "Izoria, Zviad"]
[Result "1/2-1/2"]
[WhiteElo "2383"]
[BlackElo "2450"]
[EventDate "2000.08.18"]
[PlyCount "24"]

1.e4 c6 2.Ne2 d5 3.e5 c5 4.d4 Nc6 5.c3 cxd4 6.cxd4 Bf5 7.Nbc3 e6 8.Ng3 Bg6
9.h4 h5 10.Be3 Qb6 11.Qd2 Nge7 12.Be2 Nf5 1/2-1/2

[Event "EU-ch U20"]
[Site "Aviles"]
[Date "2000.08.27"]
[Round "11"]
[White "Navara, David"]
[Black "Bitansky, Igor"]
[Result "1-0"]
[WhiteElo "2433"]
[BlackElo "2359"]
[EventDate "2000.08.18"]
[PlyCount "45"]

1.e4 e5 2.Nf3 Nc6 3.Bb5 a6 4.Ba4 Nf6 5.O-O Be7 6.Re1 b5 7.Bb3 O-O 8.h3 Bb7
9.d3 d6 10.a3 Qd7 11.Nc3 h6 12.Bd2 Nd8 13.d4 exd4 14.Nxd4 Re8 15.Nf5 c5 
16.Nd5 Bxd5 17.Bxd5 Rc8 18.Qf3 Kh7 19.Bc3 Nxd5 20.exd5 Bf8 21.Rxe8 Qxe8 
22.Nxd6 Bxd6 23.Qf5+ 1-0

[Event "EU-ch U20"]
[Site "Aviles"]
[Date "2000.08.27"]
[Round "11"]
[White "De Vreugt, Dennis"]
[Black "Atakisi, Umut"]
[Result "0-1"]
[WhiteElo "2511"]
[BlackElo "2258"]
[EventDate "2000.08.18"]
[PlyCount "86"]

1.e4 c5 2.Nf3 Nc6 3.d4 cxd4 4.Nxd4 Nf6 5.Nc3 e5 6.Ndb5 d6 7.Bg5 a6 8.Na3 
b5 9.Bxf6 gxf6 10.Nd5 Bg7 11.Bd3 Ne7 12.Nxe7 Qxe7 13.c3 f5 14.Nc2 f4 15.a4
bxa4 16.Nb4 O-O 17.Rxa4 a5 18.Nd5 Qg5 19.g3 Bh3 20.Bf1 Bg4 21.Be2 Bh3 22.
Bf1 Bg4 23.Qd2 Bf3 24.Rg1 Kh8 25.Bg2 Bxg2 26.Rxg2 f5 27.f3 fxe4 28.Rxe4 
Qh5 29.g4 Qh3 30.Kf2 Rfb8 31.Ra4 Rb3 32.Ra3 Rxa3 33.bxa3 Rb8 34.Qc2 h6 35.
a4 Rb7 36.Qc1 e4 37.fxe4 Be5 38.Kg1 f3 39.Rf2 Qxg4+ 40.Kh1 Kh7 41.Qc2 Qh4 
42.Rf1 Rg7 43.Rf2 Bxh2 0-1

[Event "EU-ch U20"]
[Site "Aviles"]
[Date "2000.08.27"]
[Round "11"]
[White "Dovliatov, Sanan"]
[Black "Stryjecki, Marek"]
[Result "1/2-1/2"]
[WhiteElo "2360"]
[BlackElo "2405"]
[EventDate "2000.08.18"]
[PlyCount "46"]

1.e4 e5 2.Nf3 Nc6 3.d4 exd4 4.Nxd4 Bb4+ 5.c3 Bc5 6.Be3 Bb6 7.Na3 Nge7 8.
Nc4 Bxd4 9.Bxd4 O-O 10.Ne3 d5 11.exd5 Nxd5 12.Nxd5 Qxd5 13.Be3 Qe6 14.Be2 
Qg6 15.O-O Rd8 16.Qa4 Bh3 17.Bf3 Ne5 18.Qe4 Re8 19.Bd4 Bf5 20.Qf4 Nxf3+ 
21.Qxf3 Re4 22.Rae1 Rae8 23.Rxe4 Bxe4 1/2-1/2

[Event "EU-ch U20"]
[Site "Aviles"]
[Date "2000.08.27"]
[Round "11"]
[White "Karttunen, Mika"]
[Black "Perez Candelario, Manuel"]
[Result "1-0"]
[WhiteElo "2399"]
[BlackElo "2300"]
[EventDate "2000.08.18"]
[PlyCount "67"]

1.d4 f5 2.g3 Nf6 3.Bg2 g6 4.b4 Bg7 5.Bb2 O-O 6.Nf3 d6 7.c4 Qe8 8.Qb3 c6 9.
a4 Nbd7 10.Nbd2 h6 11.O-O Kh8 12.a5 a6 13.b5 c5 14.e3 g5 15.Qc2 Nh5 16.Nb3
e5 17.Nfd2 Qe7 18.Rae1 Rb8 19.b6 Qf7 20.Ba3 Rd8 21.h3 Bf8 22.g4 fxg4 23.
hxg4 Nhf6 24.Qd1 Qe6 25.f4 gxf4 26.exf4 cxd4 27.g5 Nh7 28.Nxd4 Qg6 29.Be4 
Qg8 30.Bd5 Qg6 31.Ne6 Re8 32.f5 Qg8 33.Ne4 Ndf6 34.Nxf8 1-0

[Event "EU-ch U20"]
[Site "Aviles"]
[Date "2000.08.27"]
[Round "11"]
[White "Fluvia Poyatos, Joan"]
[Black "Zenklusen, Rico"]
[Result "1-0"]
[WhiteElo "2403"]
[BlackElo "2221"]
[EventDate "2000.08.18"]
[PlyCount "55"]

1.e4 c6 2.d4 d5 3.f3 e6 4.Nc3 Bb4 5.Ne2 dxe4 6.fxe4 Qh4+ 7.Ng3 Nf6 8.e5 
Ne4 9.Qh5 Qxh5 10.Nxh5 g6 11.Bd3 Nxc3 12.Nf6+ Kd8 13.a3 Ba5 14.Bd2 c5 15.
Bxc3 Bxc3+ 16.bxc3 Nd7 17.Ne4 b6 18.O-O Ke7 19.Ng5 f5 20.exf6+ Nxf6 21.
Rae1 Rd8 22.Bc4 Rd6 23.d5 h6 24.Ne4 Nxe4 25.Rxe4 Bb7 26.Ref4 exd5 27.Rf7+ 
Ke6 28.Be2 1-0

[Event "EU-ch U20"]
[Site "Aviles"]
[Date "2000.08.27"]
[Round "11"]
[White "Bursteinas, Romanas"]
[Black "Rigo, Zsolt"]
[Result "1/2-1/2"]
[WhiteElo "2391"]
[BlackElo "2224"]
[EventDate "2000.08.18"]
[PlyCount "115"]

1.c4 c5 2.g3 Nc6 3.Bg2 g6 4.Nc3 Bg7 5.Nf3 e6 6.O-O Nge7 7.e4 O-O 8.d3 d6 
9.Be3 Nd4 10.Bxd4 cxd4 11.Ne2 e5 12.b4 f5 13.exf5 gxf5 14.Kh1 Kh8 15.Neg1 
d5 16.c5 e4 17.Ng5 Qe8 18.Ne2 Nc6 19.Rb1 Ne5 20.Nf4 h6 21.Ngh3 Bd7 22.f3 
Ba4 23.Qd2 e3 24.Qb2 Bb5 25.Rbd1 Rd8 26.Ng1 Qc6 27.Nge2 Qa6 28.Nc1 Kg8 29.
Rfe1 Rfe8 30.Kg1 Qa4 31.a3 Qa6 32.Qa2 Kh8 33.Nh5 Nxd3 34.Nxd3 Bxd3 35.Nxg7
Kxg7 36.Qb2 Bc4 37.Qxd4+ Qf6 38.f4 e2 39.Rd2 Qxd4+ 40.Rxd4 Re3 41.a4 Ra3 
42.b5 Rxa4 43.c6 bxc6 44.bxc6 Ra5 45.Bf3 Rc5 46.Bxe2 Re8 47.Kf2 Rxc6 48.
Bxc4 Rxe1 49.Kxe1 dxc4 50.Rd7+ Kg6 51.Rxa7 c3 52.Kd1 Rd6+ 53.Kc1 Rd2 54.h3
Rg2 55.Ra8 Kg7 56.Ra7+ Kg6 57.Ra8 Kg7 58.Ra7+ 1/2-1/2

[Event "EU-ch U20"]
[Site "Aviles"]
[Date "2000.08.27"]
[Round "11"]
[White "Navarro Cia, Miguel"]
[Black "Cheparinov, Ivan"]
[Result "0-1"]
[WhiteElo "2307"]
[BlackElo "2189"]
[EventDate "2000.08.18"]
[PlyCount "62"]

1.e4 c5 2.Nf3 d6 3.d4 cxd4 4.Nxd4 Nf6 5.Nc3 g6 6.Be3 Bg7 7.f3 Nc6 8.Qd2 
Bd7 9.O-O-O O-O 10.g4 Rc8 11.h4 Ne5 12.Kb1 b5 13.h5 Nxf3 14.Nxf3 Bxg4 15.
h6 Bh8 16.Qg2 Rxc3 17.bxc3 Qa5 18.Bd3 Qxc3 19.Bd2 Qa3 20.c3 b4 21.Bc1 Qa5 
22.c4 b3 23.a3 Nd5 24.exd5 Bxf3 25.Qd2 Bc3 26.Qf2 Bxh1 27.Rxh1 b2 28.Be3 
Qxa3 29.Rf1 Bf6 30.Qe2 Rb8 31.Kc2 Qa2 0-1

[Event "EU-ch U20"]
[Site "Aviles"]
[Date "2000.08.27"]
[Round "11"]
[White "Biti, Ozren"]
[Black "Parkin, James"]
[Result "1-0"]
[WhiteElo "2323"]
[BlackElo "2140"]
[EventDate "2000.08.18"]
[PlyCount "87"]

1.e4 c5 2.Nc3 Nc6 3.f4 g6 4.Nf3 Bg7 5.Bc4 e6 6.f5 Nge7 7.fxe6 fxe6 8.d3 d5
9.Bb3 b5 10.O-O c4 11.dxc4 dxc4 12.Qxd8+ Nxd8 13.Nxb5 cxb3 14.Nc7+ Kd7 15.
Nxa8 Bb7 16.axb3 Nec6 17.Rd1+ Kc8 18.b4 Bxa8 19.b5 Ne5 20.Rxa7 Bb7 21.b3 
Rf8 22.Bg5 Nef7 23.Be7 Re8 24.Bc5 e5 25.Ra4 Ne6 26.Ba7 Re7 27.Bb6 Nc7 28.
Rc4 Bf8 29.Bc5 Rd7 30.Rxd7 Bxc5+ 31.Rxc5 Kxd7 32.Nxe5+ Nxe5 33.Rxe5 Kd6 
34.Rg5 Bxe4 35.c4 Ne6 36.Rg4 Bf5 37.Rg3 Kc5 38.Kf2 Nd4 39.Re3 Bc2 40.Re5+ 
Kb4 41.b6 Kxb3 42.b7 Nc6 43.Re8 Kxc4 44.Rc8 1-0

[Event "EU-ch U20"]
[Site "Aviles"]
[Date "2000.08.27"]
[Round "11"]
[White "Poliakov, Dmitry"]
[Black "Sanchez Aller, Fernando"]
[Result "1-0"]
[WhiteElo "2262"]
[BlackElo "2137"]
[EventDate "2000.08.18"]
[PlyCount "61"]

1.c4 Nf6 2.Nc3 g6 3.e4 d6 4.d4 Bg7 5.Nf3 O-O 6.Be2 e5 7.O-O Nc6 8.d5 Ne7 
9.Ne1 Nd7 10.Be3 f5 11.f3 f4 12.Bf2 g5 13.Nd3 Nf6 14.c5 Ng6 15.Rc1 Rf7 16.
b4 h5 17.b5 g4 18.b6 g3 19.hxg3 fxg3 20.Bxg3 axb6 21.cxd6 cxd6 22.f4 Nxf4 
23.Nxf4 exf4 24.Bxf4 Ng4 25.Nb5 Bd7 26.Nxd6 Rxf4 27.Rxf4 Qh4 28.Nf5 Bxf5 
29.exf5 Rxa2 30.Bxg4 hxg4 31.Qxg4 1-0

[Event "EU-ch U20"]
[Site "Aviles"]
[Date "2000.08.27"]
[Round "11"]
[White "Gonzalez Menendez, Ivan"]
[Black "Srebrnic, Marko"]
[Result "1/2-1/2"]
[WhiteElo "2242"]
[BlackElo "2096"]
[EventDate "2000.08.18"]
[PlyCount "51"]

1.e4 e5 2.Bc4 Nf6 3.d4 exd4 4.Nf3 Nc6 5.O-O Nxe4 6.Re1 d5 7.Bxd5 Qxd5 8.
Nc3 Qh5 9.Nxe4 Be6 10.Nxd4 Qxd1 11.Rxd1 O-O-O 12.Be3 Nxd4 13.Bxd4 f6 14.
Bc5 Bf5 15.Rxd8+ Kxd8 16.Bxf8 Rxf8 17.Nc5 b6 18.Nb3 c5 19.c3 Bc2 20.Rc1 
Re8 21.Nd2 Bd3 22.Nf3 Kc7 23.Rd1 Bb5 24.b3 Re2 25.Rd2 Rxd2 26.Nxd2 1/2-1/2

[Event "EU-ch U20"]
[Site "Aviles"]
[Date "2000.08.27"]
[Round "11"]
[White "Weber, Tom"]
[Black "Moreno Tejera, Emilio"]
[Result "1-0"]
[WhiteElo "2067"]
[BlackElo "2139"]
[EventDate "2000.08.18"]
[PlyCount "61"]

1.e4 c5 2.Nf3 d6 3.d4 cxd4 4.Nxd4 Nf6 5.Nc3 a6 6.Be3 e6 7.f3 b5 8.a4 b4 9.
Na2 Qc7 10.c3 d5 11.cxb4 dxe4 12.fxe4 Nxe4 13.Bd3 Bb7 14.Rc1 Qd8 15.O-O 
Nf6 16.Nf3 Ng4 17.Qe2 Bd6 18.Bc5 Bxf3 19.Qxf3 Bxh2+ 20.Kh1 Qh4 21.Qxf7+ 
Kd8 22.Be7+ Qxe7 23.Rc8+ Kd7 24.Rxh8 Be5 25.Bc4 Ne3 26.Bxe6+ Kd6 27.Qxe7+ 
Kxe7 28.Re1 Kxe6 29.Rxe3 Kd6 30.Rd8+ Kc7 31.Rxb8 1-0

[Event "EU-ch U20"]
[Site "Aviles"]
[Date "2000.08.27"]
[Round "11"]
[White "Bruned Carasco, Yvain"]
[Black "Kobler, Mario"]
[Result "1/2-1/2"]
[WhiteElo "2012"]
[BlackElo "2166"]
[EventDate "2000.08.18"]
[PlyCount "59"]

1.e4 Nf6 2.e5 Nd5 3.d4 d6 4.c4 Nb6 5.exd6 cxd6 6.Nc3 g6 7.Nf3 Bg7 8.Be3 
O-O 9.Rc1 e5 10.dxe5 dxe5 11.Qxd8 Rxd8 12.c5 N6d7 13.b4 Nf8 14.Bc4 Be6 15.
Ne4 f5 16.Nd6 b6 17.O-O bxc5 18.Nb7 Bxc4 19.Rxc4 Rd4 20.Bxd4 cxd4 21.Rc8 
Kf7 22.Na5 e4 23.Nc6 Nxc6 24.Rxa8 exf3 25.Rc1 Nxb4 26.Rxa7+ Kg8 27.gxf3 
Bh6 28.Rc4 Nxa2 29.Rxa2 d3 30.Kf1 1/2-1/2

[Event "EU-ch U20"]
[Site "Aviles"]
[Date "2000.08.27"]
[Round "11"]
[White "Bruned Carasco, Boris"]
[Black "Magalhaes, Pedro"]
[Result "0-1"]
[WhiteElo "2004"]
[BlackElo "2131"]
[EventDate "2000.08.18"]
[PlyCount "52"]

1.e4 c5 2.Nf3 d6 3.d4 cxd4 4.Nxd4 Nf6 5.Nc3 g6 6.Be3 Bg7 7.f3 O-O 8.Qd2 
Nc6 9.O-O-O Nxd4 10.Bxd4 Be6 11.g4 Qa5 12.Kb1 Rfc8 13.a3 Rab8 14.h4 b5 15.
h5 b4 16.Ne2 Qa4 17.h6 Bh8 18.g5 Ne8 19.Bxh8 Kxh8 20.Nd4 bxa3 21.b3 Bxb3 
22.Nxb3 Rxb3+ 23.cxb3 Qxb3+ 24.Ka1 Rc2 25.Qd4+ Kg8 26.Bc4 Ra2# 0-1